UK mall development grows (Record no. 117217)
[ view plain ]
| 000 -LEADER | |
|---|---|
| fixed length control field | 01125cam a2200229 4500 |
| 001 - CONTROL NUMBER | |
| control field | WB4015-07 |
| 008 - FIXED-LENGTH DATA ELEMENTS--GENERAL INFORMATION | |
| fixed length control field | 040420n2004 000 0 eng u |
| 035 ## - SYSTEM CONTROL NUMBER | |
| System control number | (Sirsi) u125886 |
| 245 ## - TITLE STATEMENT | |
| Title | UK mall development grows |
| 260 ## - PUBLICATION, DISTRIBUTION, ETC. | |
| Date of publication, distribution, etc. | 2004 |
| 490 ## - SERIES STATEMENT | |
| Series statement | Retail Property |
| Volume/sequential designation | 16 April 2004, 29(1) |
| 520 ## - SUMMARY, ETC. | |
| Summary, etc. | Shopping centre development in the UK is improving after a slump in the first two quarters of 2003, according to CB Richard Ellis. Shopping centre space in the pipeline at the end of 2003 totalled 59m sq ft (5.5m sq m) and retail park space in the pipeline totalled 29m sq ft (2.7m sq m). CBRE forecasts completions of new shopping centre projects will remain in line with the medium term averages of 5.5. million sq ft a year for shopping centres and 3.3 million sq ft a year out of town. CBRE website at www.cbre.co.uk. |
| 590 ## - LOCAL NOTE (RLIN) | |
| Local note | WB |
| 590 ## - LOCAL NOTE (RLIN) | |
| Local note | WB |
| 650 ## - SUBJECT ADDED ENTRY--TOPICAL TERM | |
| Topical term or geographic name entry element | SHOPPING CENTRE DEVELOPMENT |
| 650 ## - SUBJECT ADDED ENTRY--TOPICAL TERM | |
| Topical term or geographic name entry element | SHOPPING CENTRES IN THE PIPELINE |
| 650 ## - SUBJECT ADDED ENTRY--TOPICAL TERM | |
| Topical term or geographic name entry element | RETAIL PROPERTY |
| 650 ## - SUBJECT ADDED ENTRY--TOPICAL TERM | |
| Topical term or geographic name entry element | OUT OF TOWN DEVELOPMENT |
| 650 ## - SUBJECT ADDED ENTRY--TOPICAL TERM | |
| Topical term or geographic name entry element | TOWN CENTRE DEVELOPMENTS |
| 690 ## - LOCAL SUBJECT ADDED ENTRY--TOPICAL TERM (OCLC, RLIN) | |
| Topical term or geographic name as entry element | COMMERCIAL PROPERTY-RETAIL |
| 942 ## - ADDED ENTRY ELEMENTS (KOHA) | |
| Suppress in OPAC | 0 |
| Withdrawn status | Lost status | Source of classification or shelving scheme | Damaged status | Not for loan | Home library | Current library | Shelving location | Date acquired | Total Checkouts | Full call number | Barcode | Date last seen | Copy number | Price effective from | Koha item type |
|---|---|---|---|---|---|---|---|---|---|---|---|---|---|---|---|
| Dewey Decimal Classification | London | London | News article | 20/04/2004 | WB4015-07 | 125886-1001 | 06/08/2019 | 1 | 06/08/2019 | News article |